| 000 | 00770nam a2200253 a 4500 | ||
|---|---|---|---|
| 008 | |||
| 020 | _a047155555X (pbk.) | ||
| 049 | _aMAIN | ||
| 090 | _aHG1616.M3 | ||
| 100 | 1 | _aPrice, Michael F. | |
| 245 | 1 | 0 |
_aPower bankers : _bsales culture secrets of high-performance banks / _cMichael F. Price. |
| 260 |
_aNew York : _bJ. Wiley, _cc1992. |
||
| 300 |
_axviii, 202 p. : _bill. ; _c24 cm. |
||
| 504 | _aIncludes bibliographical references. | ||
| 500 | _aIncludes index. | ||
| 650 | 0 | _aBank marketing. | |
| 653 | 0 |
_aBanks _aMarketing |
|
| 650 | 7 |
_aMarketing _2larpcal |
|
| 907 |
_a.b10060339 _b23-06-04 _c17-04-03 |
||
| 999 |
_alocal c c s _c145202 _d145202 |
||
| 003 | |||
| 005 | 20230123133236.0 | ||
| 040 | _cNUST | ||
| 942 |
_cBOOKS _kHG1616.M3 |
||